000 01028nam a22002657a 4500
999 _c15717
_d15717
003 MIRAKIL
005 20240321132244.0
008 240321b tu ||||| |||| 00| 0 tur d
020 _a9789751748201
040 _aTR-AnCHP
_cTR-AnCHP
041 _atur
082 _a491.7394335
_bF39l 2021
100 _aEşref Feyzi
245 1 0 _aLügat-ı hoş-eda :
_b(Arapça-Farsça-Türkçe manzum sözlük) /
_cEşref Feyzi ; [yazar] Dr. Hasan Ekici
260 _aAnkara :
_bTürk Dil Kurumu Yayınları,
_c2021.
300 _a106 sayfa, 38 sayfa numarasız :
_btablo ;
_c24 cm.
490 0 _aAtatürk Kültür, Dil ve Tarih Yüksek Kurumu Türk Dil Kurumu Yayınları ;
_v1408.
500 _aEser Türkçe, Arapça ve Farsça metin içerir
504 _aKaynakça: 101-106. sayfa
600 0 _97825
_aEşref Feyzi
650 0 _97826
_aArapça-Türkçe sözlük
650 0 _97827
_aFarsça-Türkçe sözlük
856 _zDijital Nüshası için Partimizin Kütüphane Sorumlusu ile iletişime geçiniz.
942 _2ddc
_cBKS